[Event "Manhems Schackvecka Elo 2008"]
[Site "?"]
[Date "2008.08.07"]
[Round "6"]
[White "Holvason, Juri"]
[Black "Fransson, Lennart"]
[Result "1-0"]
[WhiteElo "2041"]
[BlackElo "1904"]
[PlyCount "59"]
[EventDate "2008.08.02"]
[SourceDate "2008.08.02"]

1. e4 d5 2. exd5 Nf6 3. Bb5+ Bd7 4. Be2 Bf5 5. Nf3 Nxd5 6. d4 e6 7. a3 Be7 8.
O-O O-O 9. c4 Nb6 10. Nc3 Bf6 11. Be3 a5 12. Ra2 N8d7 13. b3 Qe7 14. Re1 Rfd8
15. Rd2 c6 16. Qc1 Rac8 17. Bf1 g5 18. h3 Nf8 19. g4 Bg6 20. d5 Nxd5 21. cxd5
cxd5 22. Bd4 Bxd4 23. Nxd4 Qf6 24. Qb2 h5 25. Bg2 hxg4 26. hxg4 Nd7 27. Ndb5
Ne5 28. Nxd5 exd5 29. Qxe5 Qb6 30. a4 1-0

[Event "Manhems Schackvecka Elo 2008"]
[Site "?"]
[Date "2008.08.08"]
[Round "7"]
[White "Wihlborn, Bengt "]
[Black "Eriksson, Linus"]
[Result "0-1"]
[WhiteElo "1904"]
[BlackElo "1902"]
[PlyCount "84"]
[EventDate "2008.08.02"]
[SourceDate "2008.08.02"]

1. Nf3 d6 2. d4 Bg4 3. g3 Bxf3 4. exf3 Nd7 5. Bg2 c6 6. O-O g6 7. Re1 Bg7 8. c3
Ngf6 9. Qe2 e6 10. Bf4 d5 11. Bd6 Nb6 12. Be5 Nc4 13. b3 Nxe5 14. dxe5 Nd7 15.
f4 g5 16. fxg5 Nxe5 17. f4 Nd7 18. f5 e5 19. f6 Bf8 20. c4 d4 21. Bh3 Bd6 22.
b4 Bxb4 23. Nd2 Qc7 24. Rab1 Bxd2 25. Qxd2 O-O-O 26. Qb4 Rhe8 27. Bf5 Kb8 28.
Bxh7 Rh8 29. Bf5 Rh5 30. h4 e4 31. Kg2 Nxf6 32. Bh3 e3 33. Rf1 Ne4 34. Rf4 c5
35. Qe1 Nd2 36. Qe2 Rdh8 37. Rb5 R5h7 38. Kg1 Rxh4 39. Rxh4 Qxg3+ 40. Bg2 Rxh4
41. Rxb7+ Kc8 42. a3 Qh2# 0-1

[Event "Manhems Schackvecka Elo 2008"]
[Site "?"]
[Date "2008.08.08"]
[Round "7"]
[White "Fransson, Lennart"]
[Black "Lidén, Tommy"]
[Result "0-1"]
[WhiteElo "1906"]
[BlackElo "1902"]
[PlyCount "132"]
[EventDate "2008.08.02"]
[SourceDate "2008.08.02"]

1. c4 Nf6 2. g3 c6 3. Bg2 d5 4. cxd5 cxd5 5. Nf3 Nc6 6. O-O e5 7. d3 Be7 8. a3
O-O 9. b4 a6 10. Bb2 d4 11. Nbd2 Nd5 12. Rc1 Be6 13. Nb3 Rc8 14. Nc5 Bxc5 15.
Rxc5 f6 16. Qa4 Nce7 17. Rxc8 Qxc8 18. Rc1 Qb8 19. Nd2 Rc8 20. Rxc8+ Qxc8 21.
Ne4 Nb6 22. Qd1 Bd5 23. e3 Qc6 24. Qc1 dxe3 25. fxe3 Na4 26. Qxc6 Bxc6 27. Ba1
Nf5 28. Kf2 Kf8 29. Bf3 Ke7 30. Bd1 Nd6 31. Nxd6 Kxd6 32. e4 Nb6 33. Ke3 Nc8
34. a4 Nb6 35. a5 Nc8 36. Bb2 Ne7 37. Bg4 Bd7 38. Bd1 Nc6 39. Bc3 g6 40. d4
exd4+ 41. Bxd4 Nxb4 42. Bxf6 Nc6 43. Bc3 Kc5 44. Kf4 Be6 45. Kg5 Kc4 46. Be1
Kd4 47. Kf6 Bh3 48. Kg7 Kxe4 49. Kxh7 g5 50. Kh6 g4 51. Bc3 Kd3 52. Be1 Ne5 53.
Kg5 Nf3+ 54. Bxf3 gxf3 55. Kf4 Ke2 56. g4 f2 57. Bxf2 Kxf2 58. g5 Be6 59. h4
Bf7 60. Kg4 Ke3 61. h5 Be6+ 62. Kh4 Kf4 63. h6 Bf5 64. Kh5 Ke5 65. g6 Kf6 66.
g7 Bh7 0-1

[Event "Manhems Schackvecka Elo 2008"]
[Site "?"]
[Date "2008.08.08"]
[Round "7"]
[White "Wickström, Tommy"]
[Black "Johansson, Robin"]
[Result "1/2-1/2"]
[WhiteElo "1958"]
[BlackElo "2065"]
[PlyCount "132"]
[EventDate "2008.08.02"]
[SourceDate "2008.08.02"]

1. d4 Nf6 2. Nf3 g6 3. c4 Bg7 4. Nc3 O-O 5. e4 d6 6. h3 c5 7. d5 Nbd7 8. Be2 b5
9. cxb5 a6 10. O-O Nb6 11. Rb1 axb5 12. Bxb5 Bd7 13. Bd3 Na4 14. Nxa4 Rxa4 15.
a3 Qa8 16. b4 Rc8 17. Re1 e6 18. Bc2 exd5 19. exd5 Nxd5 20. Bb2 Bxb2 21. Rxb2
Rxa3 22. b5 Nb4 23. Be4 d5 24. Rxb4 dxe4 25. Rbxe4 Bxb5 26. Ne5 Bc6 27. Nxc6
Qxc6 28. Qc1 Rd3 29. Qh6 Rd4 30. f3 Rf8 31. Rxd4 cxd4 32. Re4 Qf6 33. Rh4 Qh8
34. Qf4 Rd8 35. Qg5 Re8 36. Qf4 d3 37. Qd4 Qxd4+ 38. Rxd4 Re1+ 39. Kf2 Re2+ 40.
Kf1 Rd2 41. g4 Kg7 42. Ke1 Rh2 43. Rxd3 Rxh3 44. Kf2 Rh1 45. Rd5 Ra1 46. Kg3 h6
47. Rb5 g5 48. Rc5 Kg6 49. Rb5 f6 50. Rb6 Ra4 51. Rb3 h5 52. gxh5+ Kxh5 53. Rc3
f5 54. Rb3 f4+ 55. Kh3 Ra1 56. Kg2 Kh4 57. Rb2 Ra3 58. Kf2 g4 59. fxg4 Kxg4 60.
Kg2 Rg3+ 61. Kf2 Rh3 62. Rb8 Rh2+ 63. Kg1 Re2 64. Kf1 Kf3 65. Rb3+ Re3 66. Rb2
Kg4 1/2-1/2

[Event "Manhems Schackvecka Elo 2008"]
[Site "?"]
[Date "2008.08.09"]
[Round "8"]
[White "Eriksson, Linus"]
[Black "Wickström, Tommy"]
[Result "1/2-1/2"]
[WhiteElo "1902"]
[BlackElo "1958"]
[PlyCount "34"]
[EventDate "2008.08.02"]
[SourceDate "2008.08.02"]

1. d4 d5 2. Nf3 Nf6 3. e3 e6 4. Bd3 c5 5. c3 Nc6 6. Nbd2 Bd6 7. O-O O-O 8. Qe2
e5 9. dxc5 Bxc5 10. e4 d4 11. Nb3 Bb6 12. cxd4 Nxd4 13. Nbxd4 Bxd4 14. Nxd4
Qxd4 15. Be3 Qd6 16. Bg5 Rd8 17. Bxf6 Qxf6 1/2-1/2

[Event "Manhems Schackvecka Elo 2008"]
[Site "?"]
[Date "2008.08.09"]
[Round "8"]
[White "Holvason, Juri"]
[Black "Wihlborn, Bengt"]
[Result "1-0"]
[WhiteElo "2041"]
[BlackElo "1904"]
[PlyCount "63"]
[EventDate "2008.08.02"]
[SourceDate "2008.08.02"]

1. e4 c5 2. Nf3 e6 3. d4 cxd4 4. Nxd4 a6 5. Bd3 Qc7 6. O-O Nf6 7. Qe2 d6 8. c4
Be7 9. Nc3 O-O 10. Be3 Nc6 11. Nxc6 Qxc6 12. f4 Qc7 13. g4 Re8 14. g5 Nd7 15.
Rf3 Rb8 16. Rh3 g6 17. Qf2 b6 18. Rf1 Bb7 19. Bd4 h5 20. gxh6 Kh7 21. f5 Rf8
22. fxg6+ fxg6 23. Qf7+ Rxf7 24. Rxf7+ Kg8 25. Rg7+ Kh8 26. Rxe7+ e5 27. Rf3
Qc8 28. Rff7 Nf8 29. Rxe5 Qg4+ 30. Kh1 Kg8 31. Ree7 Ne6 32. h7# 1-0

[Event "Manhems Schackvecka Elo 2008"]
[Site "?"]
[Date "2008.08.09"]
[Round "8"]
[White "Lidén, Tommy"]
[Black "Holmgren, Björn"]
[Result "0-1"]
[WhiteElo "1950"]
[BlackElo "1924"]
[PlyCount "161"]
[EventDate "2008.08.02"]
[SourceDate "2008.08.02"]

1. e4 c5 2. Nf3 Nc6 3. Bb5 g6 4. d3 Bg7 5. Bxc6 dxc6 6. h3 Nf6 7. O-O O-O 8.
Nc3 b6 9. Be3 Ne8 10. Qd2 e5 11. Bh6 Qd6 12. Bxg7 Nxg7 13. Nh2 Ne6 14. Ng4 Nf4
15. Ne2 Bxg4 16. hxg4 c4 17. g3 Nxe2+ 18. Qxe2 cxd3 19. cxd3 Rad8 20. Rfd1 Qe6
21. Kg2 f6 22. f4 Rd4 23. f5 Qd7 24. Rac1 Rd8 25. Rc3 c5 26. b3 Qd6 27. Qe3 g5
28. Kf2 Qc6 29. Qc1 Qb5 30. Ke3 Qd7 31. Qc2 Qf7 32. Rh1 R8d7 33. a3 Qe7 34. Rc4
Rxd3+ 35. Qxd3 Rxd3+ 36. Kxd3 b5 37. Rc3 Qd6+ 38. Ke2 Qd4 39. Re3 Qb2+ 40. Kf3
Qd2 41. Rhe1 c4 42. R1e2 Qd1 43. bxc4 bxc4 44. Kf2 Kf8 45. Rb2 c3 46. Rb8+ Ke7
47. Rc8 Qd2+ 48. Kf3 c2 49. Rec3 Qd1+ 50. Kf2 Qd4+ 51. Kf3 c1=Q 52. Rxc1 Qd3+
53. Kf2 Qxe4 54. R1c7+ Kd6 55. Rc4 Qb7 56. Rd8+ Ke7 57. Rd2 Qb6+ 58. Ke2 Qa6
59. Rdc2 Kd6 60. Rd2+ Ke7 61. Rdc2 Qxa3 62. Rc7+ Kd6 63. R7c6+ Kd5 64. Rxf6
Qxg3 65. Rf8 Qxg4+ 66. Kf2 Qd4+ 67. Ke2 Qg4+ 68. Kf2 e4 69. Rd8+ Ke5 70. Rc5+
Kf4 71. Rdd5 e3+ 72. Ke1 Qg1+ 73. Ke2 Qf2+ 74. Kd3 e2 75. f6 Qe3+ 76. Kc4 e1=Q
77. Rf5+ Kg4 78. f7 Q1c3+ 79. Kb5 Qb3+ 80. Kc6 Qb6+ 81. Kd7 0-1

[Event "Manhems Schackvecka Elo 2008"]
[Site "?"]
[Date "2008.08.09"]
[Round "8"]
[White "Svedberg, Hans"]
[Black "Johansson, Robin"]
[Result "0-1"]
[WhiteElo "2013"]
[BlackElo "2047"]
[PlyCount "120"]
[EventDate "2008.08.08"]
[SourceDate "2008.08.09"]

1. e4 c5 2. Nf3 Nc6 3. Bb5 g6 4. Bxc6 bxc6 5. O-O Bg7 6. d3 d6 7. h3 e6 8. Nbd2
Ne7 9. Rb1 e5 10. Nc4 O-O 11. Bd2 f5 12. b4 d5 13. Na5 fxe4 14. dxe4 cxb4 15.
Bxb4 Rf4 16. Bxe7 Qxa5 17. exd5 Qxd5 18. Bd6 Rf5 19. Qxd5+ cxd5 20. Rfd1 Be6
21. Rb7 d4 22. a4 Bd5 23. Re7 Bf8 24. Nh4 Rh5 25. Rxe5 Bxd6 26. Rxh5 gxh5 27.
Rxd4 Re8 28. Kf1 Be7 29. Rxd5 Bxh4 30. Rxh5 Bf6 31. Rc5 Re7 32. g3 Kf7 33. Kg2
Ke6 34. f4 Kd6 35. Rc4 Kd5 36. Rc8 Ke4 37. Rc4+ Ke3 38. Rc6 Bd4 39. f5 Ke4 40.
g4 Kf4 41. Rc4 Re2+ 42. Kf1 Re4 43. Rc6 Kg3 44. Rc4 Kxh3 45. g5 Kg4 46. g6 hxg6
47. fxg6 Kf5 48. Kg2 Be5 49. Rc5 Rxa4 50. Kf3 Ra6 51. Ke3 Rxg6 52. Kd3 Rg3+ 53.
Kd2 Ke6 54. c4 Bc3+ 55. Kc2 Bb4 56. Rc6+ Kd7 57. Rh6 a5 58. Kb2 Kc7 59. Rh5 Kc6
60. Rf5 Rc3 0-1

[Event "Manhems Schackvecka Elo 2008"]
[Site "?"]
[Date "2008.08.10"]
[Round "9"]
[White "Wickström, Tommy"]
[Black "Holvason, Juri"]
[Result "0-1"]
[WhiteElo "2041"]
[BlackElo "1958"]
[PlyCount "49"]
[EventDate "2008.08.02"]
[SourceDate "2008.08.02"]

1. d4 Nf6 2. c4 g6 3. Nc3 Bg7 4. e4 d6 5. h3 c6 6. Bg5 O-O 7. Qd2 Nbd7 8. O-O-O
a6 9. f4 b5 10. e5 b4 11. exf6 bxc3 12. Qxc3 exf6 13. Bh4 Qc7 14. g4 Nb6 15.
Bg3 f5 16. Qa5 Qb7 17. Rh2 fxg4 18. f5 Bxf5 19. Bxd6 Bh6+ 20. Rdd2 Rfe8 21. Kd1
Bxd2 22. Qxd2 Rad8 23. Bg3 Re4 24. Ne2 Nxc4 25. Qc3 0-1

[Event "Manhems Schackvecka Elo 2008"]
[Site "?"]
[Date "2008.08.10"]
[Round "9"]
[White "Wihlborn, Bengt"]
[Black "Lidén, Tommy"]
[Result "0-1"]
[WhiteElo "1904"]
[BlackElo "1902"]
[PlyCount "74"]
[EventDate "2008.08.02"]
[SourceDate "2008.08.02"]

1. Nf3 d5 2. c4 e6 3. g3 c6 4. b3 dxc4 5. bxc4 Nf6 6. Bg2 Be7 7. O-O O-O 8. Nc3
Nbd7 9. Rb1 Qc7 10. d3 Rd8 11. Qc2 b6 12. e4 Bb7 13. h3 Ne5 14. Nxe5 Qxe5 15.
Be3 Qc7 16. f4 e5 17. f5 Nd7 18. Rbd1 Bc5 19. Rf3 Bxe3+ 20. Rxe3 Nc5 21. g4 f6
22. Rg3 Rd6 23. Bf1 Rad8 24. h4 Qd7 25. Qe2 Ba6 26. g5 fxg5 27. hxg5 Bxc4 28.
g6 h6 29. Qh5 Nxd3 30. f6 Rxf6 31. Bxd3 Qd4+ 32. Kh1 Bxd3 33. Rgxd3 Qxd3 34.
Rxd3 Rxd3 35. Qxe5 Rxg6 36. Kh2 Kh7 37. a4 Rg5 0-1

[Event "Manhems Schackvecka Elo 2008"]
[Site "?"]
[Date "2008.08.10"]
[Round "9"]
[White "Johansson, Robin"]
[Black "Eriksson, Linus"]
[Result "1-0"]
[WhiteElo "2065"]
[BlackElo "1902"]
[PlyCount "71"]
[EventDate "2008.08.02"]
[SourceDate "2008.08.02"]

1. d4 d6 2. e4 Nf6 3. Nc3 g6 4. f3 Bg7 5. Be3 Nc6 6. Qd2 e5 7. d5 Ne7 8. O-O-O
Nh5 9. g4 Nf6 10. Bh6 Bxh6 11. Qxh6 Rg8 12. Nge2 c6 13. Qg5 Nd7 14. dxc6 bxc6
15. Rxd6 Qb6 16. Qd2 Rb8 17. Na4 Qf2 18. Ng3 Qxf3 19. Bc4 Qxg4 20. Rf1 Rf8 21.
Nc5 Rb6 22. Rd1 Nd5 23. Nxd7 Bxd7 24. Be2 Qf4 25. exd5 Qxd2+ 26. Rxd2 Ke7 27.
dxc6 Bxc6 28. c4 Rc8 29. Kb1 f5 30. c5 Rb4 31. a3 Rh4 32. Ba6 Rc7 33. b4 f4 34.
Nf1 e4 35. R2d4 e3 36. Nxe3 1-0

[Event "Manhems Schackvecka Elo 2008"]
[Site "?"]
[Date "2008.08.10"]
[Round "9"]
[White "Fransson, Lennart"]
[Black "Svedberg, Hans"]
[Result "1-0"]
[WhiteElo "2036"]
[BlackElo "2010"]
[PlyCount "101"]
[EventDate "2008.08.02"]
[SourceDate "2008.08.02"]

1. c3 d5 2. d3 e5 3. Nf3 Nc6 4. b4 a6 5. g3 Nf6 6. a3 h6 7. Bg2 Be7 8. O-O Bg4
9. Bb2 O-O 10. a4 Qd6 11. b5 axb5 12. axb5 Rxa1 13. Bxa1 Nb8 14. Bb2 Qe6 15.
Nbd2 Nbd7 16. Qc2 Ra8 17. Re1 Qb6 18. c4 Bc5 19. e3 d4 20. exd4 exd4 21. Nb3
Bxf3 22. Bxf3 c6 23. bxc6 bxc6 24. Bd1 Rb8 25. Nxc5 Nxc5 26. Ba3 Ne6 27. Bd6
Qb3 28. Qd2 Rc8 29. Be5 Nd7 30. Bg4 Nxe5 31. Rxe5 Ra8 32. Bxe6 fxe6 33. Rxe6
Ra1+ 34. Kg2 Rd1 35. Qe2 Qxd3 36. Qxd3 Rxd3 37. Rxc6 Rc3 38. Kf1 Rc2 39. Rc7
Kh7 40. Ke1 Kg6 41. h4 h5 42. Rc5 Kh6 43. Rc6+ Kh7 44. c5 Kg8 45. Rc7 Kh7 46.
c6 Kg6 47. f3 Kf6 48. Kd1 d3 49. g4 hxg4 50. fxg4 g6 51. Rc8 1-0